Top 50 NHL Points Leaders (2025-2026 Season) - Statistics

General Stats
  • This quiz has been taken 296 times
    182 since last reset
  • The average score is 41 of 50
Answer Stats
Player Team Pts % Correct
1. Connor Mcdavid EDM 124
100%
5. Leon Draisaitl EDM 97
99%
3. Nathan MacKinnon COL 117
99%
2. Nikita Kucherov TBL 121
99%
4. Macklin Celebrini SJS 98
98%
9. Nicholas Suzuki MTL 88
97%
6. David Pastrnak BOS 92
96%
10. Jason Robertson DAL 87
95%
27. Cale Makar COL 72
94%
17. Cole Caufield MTL 77
94%
11. Evan Bouchard EDM 86
93%
16. Jack Eichel VGK 78
93%
21. Tage Thompson BUF 76
92%
13. Kirill Kaprizov MIN 81
91%
8. Mark Scheifele WPG 89
91%
7. Martin Necas COL 89
91%
12. Kyle Connor WPG 83
89%
24. Sebastian Aho CAR 73
89%
23. Artemi Panarin LAK 75
88%
34. Connor Bedard CHI 67
88%
31. Mitch Marner VGK 71
88%
28. Quinn Hughes MIN 72
87%
36. Rasmus Dahlin BUF 67
87%
32. Lane Hutson MTL 71
86%
30. Mikko Rantanen DAL 71
86%
43. Sidney Crosby PIT 64
86%
35. William Nylander TOR 67
84%
25. Clayton Keller UTA 73
83%
26. Brandon Hagel TBL 72
82%
44. Mark Stone VGK 64
82%
20. Matthew Boldy MIN 76
82%
22. Tim Stützle OTT 75
81%
46. Juraj Slafkovsky MTL 63
80%
19. Zachary Werenski CBJ 77
80%
15. Alex DeBrincat DET 78
79%
14. Wyatt Johnston DAL 78
79%
18. Jake Guentzel TBL 77
78%
29. Lucas Raymond DET 71
77%
38. Filip Forsberg NSH 65
73%
33. Mika Zibanejad NYR 69
73%
41. Mathew Barzal NYI 65
72%
37. Ryan O'Reilly NSH 66
67%
50. Adrian Kempe LAK 62
66%
48. Morgan Geekie BOS 62
66%
42. Cutter Gauthier ANA 64
65%
40. Darren Raddysh TBL 65
63%
47. Dylan Guenther UTA 62
57%
45. Drake Batherson OTT 63
54%
39. Nick Schmaltz UTA 65
50%
49. Gabriel Vilardi WPG 62
41%
No matching quizzes found
Score Distribution
Percent of People with Each Score
Percentile by Number Answered
Your Score History
You have not taken this quiz since the last reset